000 01106nam a22002297 4500
999 _c57983
_d57983
001 RU\PGU\57483
005 20210415114113.0
008 210414s1963 ru ||||| |||| 00| 0 ru d
041 _arus
080 _a811.161.1 З-55
100 1 0 _aЗемский, Андрей Михайлович
_911361
245 0 0 _aРусский язык :
_bУчебник для педагогических училищ. Ч.2. Синтаксис /
_cА.М.Земский, С.Е.Крючков, М.В.Светлаев; Под ред. В.В.Виноградова
250 0 0 _a6-е изд.,переработанное
264 _aМосква :
_bГосударственное учебно-педагогическое издательство Министерства просвещения Р.С.Ф.С.Р,
_c1963.
300 0 0 _a183 стр.
_b22 см.
653 _a Русский язык
653 _aრუსული ენა
700 _a Крючков, С. Е.
_eავტორი
_911363
700 _a Светлаев, М. В.
_eავტორი
_911364
852 _a1901371X
942 _2udc
_cBK